Detalles MARC
| 000 -LEADER |
| campo de control de longitud fija |
02924cam a22005534i 4500 |
| 003 - IDENTIFICADOR DE NÚMERO DE CONTROL |
| campo de control |
PE-LiUPU |
| 005 - FECHA Y HORA DE LA ÚLTIMA TRANSACCIÓN |
| campo de control |
20250731173034.0 |
| 008 - DATOS DE LONGITUD FIJA--INFORMACIÓN GENERAL |
| campo de control de longitud fija |
150624 2003 ag a rb 00 0 spa |
| 020 ## - NÚMERO INTERNACIONAL ESTÁNDAR DEL LIBRO |
| Número Internacional Estándar del Libro |
9789505737710 |
| 035 ## - NÚMERO DE CONTROL DEL SISTEMA |
| Número de control de sistema |
(Sirsi) i9789505737710 |
| 040 ## - FUENTE DE CATALOGACIÓN |
| Centro catalogador/agencia de origen |
PE-LiUPU |
| Lengua de catalogación |
spa |
| Centro/agencia transcriptor |
PE-LiUPU |
| Normas de descripción |
rda |
| 049 ## - FONDOS LOCALES (OCLC) |
| Biblioteca depositaria |
PRUA |
| 050 ## - SIGNATURA TOPOGRÁFICA DE LA BIBLIOTECA DEL CONGRESO |
| Número de clasificación |
BX6193.W5 |
| 082 04 - NÚMERO DE LA CLASIFICACIÓN DECIMAL DEWEY |
| Número de clasificación |
286.732092 |
| Cutter |
D94 |
| Número de edición |
21 |
| 100 1# - ENTRADA PRINCIPAL--NOMBRE DE PERSONA |
| Nombre de persona |
Douglass, Herbert E., |
| Término indicativo de función/relación |
autor. |
| 245 10 - MENCIÓN DEL TÍTULO |
| Título |
Mensajera del Señor : |
| Resto del título |
el ministerio profético de Elena G. de White / |
| Mención de responsabilidad, etc. |
Herbert E. Douglass. |
| 264 #1 - PRODUCCIÓN, PUBLICACIÓN, DISTRIBUCIÓN, FABRICACIÓN Y COPYRIGHT |
| Producción, publicación, distribución, fabricación y copyright |
Buenos Aires : |
| Nombre del de productor, editor, distribuidor, fabricante |
Asociación Casa Editora Sudamericana, |
| Fecha de producción, publicación, distribución, fabricación o copyright |
2003. |
| 300 ## - DESCRIPCIÓN FÍSICA |
| Extensión |
607 páginas ; |
| Dimensiones |
27 centímetros |
| 336 ## - TIPO DE CONTENIDO |
| Término de tipo de contenido |
text |
| Fuente |
rdacontent |
| 337 ## - TIPO DE MEDIO |
| Nombre/término del tipo de medio |
unmediated |
| Fuente |
rdamedia |
| 338 ## - TIPO DE SOPORTE |
| Nombre/término del tipo de soporte |
volume |
| Fuente |
rdacarrier |
| 504 ## - NOTA DE BIBLIOGRAFÍA, ETC. |
| Nota de bibliografía, etc. |
Incluye bibliografía |
| 505 0# - NOTA DE CONTENIDO CON FORMATO |
| Nota de contenido con formato |
El sistema de comunicación de Dios -- La verdadera Elena G. de White -- La mensajera que escucha -- la voz de un movimiento -- Fomentando conceptos inspirados -- Cómo escuchar a la mensajera -- Cómo evaluar las críticas -- Continua relevancia de la mensajera de Dios. |
| 526 ## - NOTA DE INFORMACIÓN SOBRE EL PROGRAMA DE ESTUDIO |
| Nombre del programa |
Segunda Especialidad En Profecías Bíblicas |
| 526 ## - NOTA DE INFORMACIÓN SOBRE EL PROGRAMA DE ESTUDIO |
| Nombre del programa |
Segunda Especialidad En Nuevo Testamento |
| 526 ## - NOTA DE INFORMACIÓN SOBRE EL PROGRAMA DE ESTUDIO |
| Nombre del programa |
Segunda Especialidad En Antiguo Testamento |
| 526 ## - NOTA DE INFORMACIÓN SOBRE EL PROGRAMA DE ESTUDIO |
| Nombre del programa |
Segunda Especialidad En Estudios Adventistas |
| 526 ## - NOTA DE INFORMACIÓN SOBRE EL PROGRAMA DE ESTUDIO |
| Nombre del programa |
Doctorado en teología |
| 526 ## - NOTA DE INFORMACIÓN SOBRE EL PROGRAMA DE ESTUDIO |
| Nombre del programa |
Maestría en teología histórica |
| 526 ## - NOTA DE INFORMACIÓN SOBRE EL PROGRAMA DE ESTUDIO |
| Nombre del programa |
Maestría en teología bíblica |
| 526 ## - NOTA DE INFORMACIÓN SOBRE EL PROGRAMA DE ESTUDIO |
| Nombre del programa |
Maestría en teología |
| 526 ## - NOTA DE INFORMACIÓN SOBRE EL PROGRAMA DE ESTUDIO |
| Nombre del programa |
Maestría en misionología |
| 526 ## - NOTA DE INFORMACIÓN SOBRE EL PROGRAMA DE ESTUDIO |
| Nombre del programa |
Maestría en liderazgo eclesiástico |
| 526 ## - NOTA DE INFORMACIÓN SOBRE EL PROGRAMA DE ESTUDIO |
| Nombre del programa |
Teología |
| 600 ## - PUNTO DE ACCESO ADICIONAL DE MATERIA--NOMBRE DE PERSONA |
| Nombre de persona |
White, Elena G. de |
| Fechas asociadas al nombre |
1827-1915 |
| Subdivisión general |
Don profético. |
| 650 14 - PUNTO DE ACCESO ADICIONAL DE MATERIA--TÉRMINO DE MATERIA |
| Término de materia o nombre geográfico como elemento de entrada |
Adventistas del séptimo día |
| Subdivisión general |
Don profético. |
| 942 ## - ELEMENTOS DE ENTRADA SECUNDARIOS (KOHA) |
| Fuente del sistema de clasificación o colocación |
Clasificación Decimal Dewey |
| Tipo de ítem Koha |
|
| 949 ## - PROCESAMIENTO DE INFORMACIÓN LOCAL (OCLC) |
| a |
286.732 D94 |
| w |
DEWEY |
| c |
1 |
| i |
54252 |
| d |
2017-6-25 |
| e |
2017-6-20 |
| f |
2017-2-15 |
| g |
1 |
| l |
CCODEBUL1 |
| m |
BUL |
| n |
10 |
| p |
20.25 |
| r |
0 |
| s |
Y |
| t |
BOOK |
| u |
2015-6-24 |
| x |
TEOLOGIA |
| 0 |
COMPRA |
| o |
.STAFF. Colección General |
| 949 ## - PROCESAMIENTO DE INFORMACIÓN LOCAL (OCLC) |
| a |
286.732 D94 |
| w |
DEWEY |
| c |
2 |
| i |
54937 |
| f |
2017-2-15 |
| g |
1 |
| l |
CIAE7 |
| m |
BUL |
| p |
20.25 |
| r |
0 |
| s |
Y |
| t |
BOOK |
| u |
2015-6-24 |
| x |
TEOLOGIA |
| 0 |
COMPRA |
| o |
.STAFF. Colección General |
| 949 ## - PROCESAMIENTO DE INFORMACIÓN LOCAL (OCLC) |
| a |
286.732 D94 |
| w |
DEWEY |
| c |
3 |
| i |
48501 |
| d |
2016-8-21 |
| e |
2016-8-18 |
| f |
2017-2-15 |
| g |
1 |
| l |
CIAE7 |
| m |
BUL |
| n |
1 |
| p |
20.25 |
| r |
0 |
| s |
Y |
| t |
BOOK |
| u |
2015-6-24 |
| x |
TEOLOGIA |
| 0 |
COMPRA |
| o |
.STAFF. Colección General |
| 949 ## - PROCESAMIENTO DE INFORMACIÓN LOCAL (OCLC) |
| a |
286.732 D94 |
| w |
DEWEY |
| c |
4 |
| i |
48253 |
| d |
2016-10-23 |
| e |
2016-10-19 |
| f |
2017-2-15 |
| g |
1 |
| l |
CIAE7 |
| m |
BUL |
| n |
5 |
| p |
20.25 |
| r |
0 |
| s |
Y |
| t |
BOOK |
| u |
2015-6-24 |
| x |
TEOLOGIA |
| 0 |
COMPRA |
| o |
.STAFF. Colección General |
| 949 ## - PROCESAMIENTO DE INFORMACIÓN LOCAL (OCLC) |
| a |
286.732 D94 |
| w |
DEWEY |
| c |
5 |
| i |
54251 |
| d |
2016-11-7 |
| e |
2016-11-7 |
| f |
2017-2-15 |
| g |
1 |
| l |
CIAE7 |
| m |
BUL |
| n |
16 |
| p |
20.25 |
| r |
0 |
| s |
Y |
| t |
BOOK |
| u |
2015-6-24 |
| x |
TEOLOGIA |
| 0 |
COMPRA |
| o |
.STAFF. Colección General |
| 949 ## - PROCESAMIENTO DE INFORMACIÓN LOCAL (OCLC) |
| a |
BX6193.W5 D68 2000 |
| w |
DEWEY |
| c |
1 |
| i |
63571 |
| l |
CIA |
| m |
BWL |
| p |
22.00 |
| r |
1 |
| s |
Y |
| t |
BOOK |
| u |
2015-7-6 |
| x |
WHITE |
| z |
UNKNOWN |
| o |
.STAFF. Centro White |
| 949 ## - PROCESAMIENTO DE INFORMACIÓN LOCAL (OCLC) |
| a |
BX6193.W5 D68 2000 |
| w |
DEWEY |
| c |
2 |
| i |
CW00085 |
| l |
CIA |
| m |
BWL |
| p |
22.00 |
| r |
0 |
| s |
Y |
| t |
BOOK |
| u |
2017-1-30 |
| x |
WHITE |
| z |
UNKNOWN |
| 0 |
COMPRA |
| o |
.STAFF. Centro White |
| 949 ## - PROCESAMIENTO DE INFORMACIÓN LOCAL (OCLC) |
| a |
286.732 D94 2000 |
| w |
DEWEY |
| c |
2 |
| i |
FJ09323 |
| l |
CCODEBUJ1 |
| m |
BUJ |
| p |
30.00 |
| r |
0 |
| s |
Y |
| t |
BOOK |
| u |
2017-11-30 |
| x |
BIBLIOTECA |
| z |
UNKOWN |
| 0 |
COMPRA |
| o |
.STAFF. Colección General Juliaca |
| 980 ## - EQUIVALENCIA O REFERENCIA-CRUZADA-MENCIÓN DE SERIE--NOMBRE DE PERSONA/TÍTULO [LOCAL, CANADÁ] |
| ID del último usuario que modificó el registro |
1 |
| Nombre del último usuario que modificó el registro |
ALBERTO SANCHEZ Responsable de Automatización |